Vista normal
Vista MARC
Entrada Nombre personal
Número de registros utilizados en: 14
001 - NÚMERO DE CONTROL
- campo de control: 77343
003 - IDENTIFICADOR DEL NÚMERO DE CONTROL
- campo de control: BNPHU
005 - FECHA Y HORA DE LA ÚLTIMA TRANSACCIÓN
- campo de control: 20240228130509.0
008 - DATOS DE LONGITUD FIJA
- campo de control de longitud fija: 201120|| aca||aabn | a|a d
040 ## - FUENTE DE LA CATALOGACIÓN
- Centro catalogador/agencia de origen: DO-SdBNP
- Lengua de catalogación: spa
- Centro/agencia transcriptor: BNPHU
- Normas de descripción: rda
100 1# - ENCABEZAMIENTO-NOMBRE DE PERSONA
- Nombre de persona: Guerrero, Laureano,
- Fechas asociadas al nombre: 1952-
370 ## - LUGAR ASOCIADO
- Lugar de nacimiento: República Dominicana
374 ## - OCUPACIÓN
- Ocupación: Político
- Ocupación: Abogado
- Ocupación: Periodista
375 ## - GÉNERO/SEXO
- Género/Sexo: Masculino
377 ## - LENGUA/LENGUAJE ASOCIADO
- Código del idioma: spa
400 1# - TRAZADO DE VÉASE--NOMBRE DE PERSONA
- Nombre de persona: Guerrero Sánchez, Laureano
670 ## - FUENTE DE DATOS ENCONTRADOS
- Cita de la fuente: Guerrero, Laureano, 1952-, Lcosta apartheid dominicano :, 2018.
670 ## - FUENTE DE DATOS ENCONTRADOS
- Cita de la fuente: Guerrero, Laureano, 1952-, Mozura, 2013
